000 00333nam a2200133Ia 4500
008 240624s9999 xx 000 0 und d
041 _aeng
082 _a330.01 COH
100 _aCOHEN DANIEL
245 _aINFINITE DESIRE FOR GROWTH
260 _c2018
_aNew Jersey
_bPrinceton University Press
300 _a165 p.
365 _c
_b33
999 _c32672
_d32672